Statystyki dla Królowie Strzelców Ligi Mistrzów

Kliknij tutaj aby rozwiązać quiz!

Ogólne statystyki

  • Ten quiz został rozwiązany 156 razy
  • Średni wynik to 21 z 31

Statystyki odpowiedzi

SezonZawodnikKlub% Poprawnych
2017/18Cristiano RonaldoReal M.
100%
2007/08Cristiano RonaldoMan. United
100%
2016/17Cristiano RonaldoReal M.
100%
2015/16Cristiano RonaldoReal M.
100%
2013/14Cristiano RonaldoReal M.
100%
2012/13Cristiano RonaldoReal M.
100%
2008/09Lionel MessiBarcelona
99%
2018/19Lionel MessiBarcelona
99%
2014/15Lionel MessiBarcelona
99%
2011/12Lionel MessiBarcelona
99%
2010/11Lionel MessiBarcelona
99%
2009/10Lionel MessiBarcelona
99%
2019/20Robert LewandowskiBayern
99%
2021/22Karim BenzemaReal M.
96%
2020/21Erling HaalandDortmund
95%
2022/23Erling HaalandMan. City
95%
2006/07KakaMilan
72%
2000/01Raul GonzalezReal M.
64%
1999/00Raul GonzalezReal M.
64%
2005/06Andrij SzewczenkoMilan
58%
1997/98Alessandro Del PieroJuventus
42%
2004/05Ruud van NistelrooyMan. United
42%
2002/03Ruud van NistelrooyMan. United
42%
2001/02Ruud van NistelrooyMan. United
42%
2003/04Fernando MorientesMonaco
20%
1998/99Dwight YorkeMan. United
18%
1994/95George WeahPSG
16%
1995/96Jari LitmanenAjax
10%
1992/93RomarioPSV
10%
1993/94Wynton RuferWerder
2%
1996/97Milinko PanticAtletico
1%

Rozkład punktacji

Percentyl według liczby udzielonych odpowiedzi

Procent ludzi z każdym wynikiem

Twoja historia wyników

Nie rozwiązałeś tego quizu